| 000 | 00508 a2200169 4500 | ||
|---|---|---|---|
| 003 | OSt | ||
| 005 | 20231123102707.0 | ||
| 008 | 231123b |||||||| |||| 00| 0 eng d | ||
| 020 | _a9789355738554 | ||
| 040 | _coclc | ||
| 082 |
_a540 _bJOS/P |
||
| 100 |
_aJoshi, Vishal _99932 |
||
| 245 |
_aProblems and solutions in Inorganic chemistry for JEE (Main and advanced) / _cVishal Joshi |
||
| 250 | _a4e | ||
| 260 |
_bCengage Learning, _c2023. |
||
| 942 |
_2ddc _cBK _h540 _iJOS/P _k540 _mJOS/P |
||
| 999 |
_c41859 _d41859 |
||